Гобсек. Евгения Гранде. Отец Горио: перевод с французского

Podrobná bibliografie
Hlavní autor: Бальзак О. Оноре
Shrnutí:Исключено из фонда НТБ ТПУ
Jazyk:ruština
Vydáno: Москва, Правда, 1978
Témata:
Médium: Kniha
KOHA link:https://koha.lib.tpu.ru/cgi-bin/koha/opac-detail.pl?biblionumber=80948

MARC

LEADER 00000nam0a2200000 4500
001 80948
005 20250513145110.0
035 |a (RuTPU)RU\TPU\book\87021 
035 |a RU\TPU\book\85777 
090 |a 80948 
100 |a 20050914d1978 m y0rusy50 ca 
101 1 |a rus  |c fre 
102 |a RU 
105 |a a z 001ay 
200 1 |a Гобсек. Евгения Гранде. Отец Горио  |e перевод с французского  |f О. Бальзак 
210 |a Москва  |c Правда  |d 1978 
215 |a 495 с.  |c ил. 
333 |a Исключено из фонда НТБ ТПУ 
600 1 |a Бальзак  |g Оноре  |b О. де  |c французский писатель  |f 1799-1850  |2 stltpui  |3 (RuTPU)RU\TPU\pers\31 
610 1 |a художественная литература 
610 1 |a французская литература 
610 1 |a проза 
610 1 |a романы 
610 1 |a мировая литература 
675 |a 84  |v 3 
700 1 |a Бальзак  |b О.  |g Оноре 
801 1 |a RU  |b 63413507  |c 20050826  |g PSBO 
801 2 |a RU  |b 63413507  |c 20050914  |g PSBO 
850 |a 63413507 
942 |c BK